Body Language / (Record no. 1092)

000 -LEADER
fixed length control field 00514nam a2200205 a 4500
008 - FIXED-LENGTH DATA ELEMENTS--GENERAL INFORMATION
fixed length control field 191125t1971 xxu||||g |||| 00| 0 eng d
020 ## - INTERNATIONAL STANDARD BOOK NUMBER
International Standard Book Number 9780671673253
Terms of availability Rs. 250.00
040 ## - CATALOGING SOURCE
Original cataloging agency IMU Kochi Library
Language of cataloging eng
041 0# - LANGUAGE CODE
Language code of text/sound track or separate title eng
044 ## - COUNTRY OF PUBLISHING/PRODUCING ENTITY CODE
MARC country code United States
082 04 - DEWEY DECIMAL CLASSIFICATION NUMBER
Edition number 23
Classification number 153.69
Item number F265
100 1# - MAIN ENTRY--PERSONAL NAME
Personal name Fast, Julius
245 10 - TITLE STATEMENT
Title Body Language /
260 ## - PUBLICATION, DISTRIBUTION, ETC. (IMPRINT)
Place of publication, distribution, etc New York :
Name of publisher, distributor, etc Pocket Books (Simon & Schuster Inc.) ,
Date of publication, distribution, etc 1971
300 ## - PHYSICAL DESCRIPTION
Extent 183 p.;
Dimensions 17 cm
650 #0 - SUBJECT ADDED ENTRY--TOPICAL TERM
Topical term or geographic name as entry element Body language
852 ## - LOCATION/CALL NUMBER
Location IMU Kochi Library
904 ## - LOCAL DATA ELEMENT D, LDD (RLIN)
CATALOGER Akhil Bose
942 ## - ADDED ENTRY ELEMENTS (KOHA)
Item type Books
Holdings
Withdrawn status Lost status Source of classification or shelving scheme Damaged status Not for loan Collection code Permanent location Current location Shelving location Date acquired Source of acquisition Cost, normal purchase price Total Checkouts Full call number Barcode Date last seen Date last borrowed Koha item type Public note
          Non-fiction IMU Kochi Library IMU Kochi Library Fiction & General 2013-03-21 M/s Unique Book Store (Inv. No.2013/280 dt. 2012-03-16) 250.00 3 153.69 F265 BK002272 2025-08-22 2025-08-07 Books Shelf-18, Row-1
          Non-fiction IMU Kochi Library IMU Kochi Library Fiction & General 2013-04-08 M/s Unique Book Store (Inv. No.2013/281 dt. 2013-03-16) 250.00 2 153.69 F265 BK000819 2023-04-20 2023-04-06 Books Shelf-18, Row-1


Copyright © All Rights Reserved by Indian Maritime University, Kochi Campus.
For any Suggestions/Query Contact to library or Email: library.kochi@imu.ac.in Ph:(0484)-2989402
(Web OPAC Designed by Rudra Ranjan. Maintained by IMU Kochi Library)

Powered by Koha